Η απασχόληση ως παράγοντας ανάπτυξης : εμπειρική έρευνα της υφιστάμενης κατάστασης απασχόλησης και της ανεργίας στην περιοχή της Κοζάνης : μεταπτυχιακή διατριβή

Saved in:
Bibliographic Details
Main Author: Γιαννοπούλου, Σοφία
Corporate Author: Πανεπιστήμιο Αιγαίου Σχολή Κοινωνικών Επιστημών Τμήμα Κοινωνιολογίας Μεταπτυχιακό Πρόγραμμα Σπουδών Έρευνα Εφαρμοσμένη στην Ανάπτυξη Καινοτόμων Τοπικών και Περιφερειακών Πολιτικών και την Κοινωνική Συνοχή
Other Authors: Παπάνης, Ευστράτιος Π., 1969- (Thesis advisor)
Format: Thesis Book
Language:Greek
Published: Μυτιλήνη : Πανεπιστήμιο Αιγαίου, Σχολή Κοινωνικών Επιστημών, Τμήμα Κοινωνιολογίας, 2006
Subjects:
Online Access:http://hdl.handle.net/11610/11871
Tags: Add Tag
No Tags, Be the first to tag this record!

MARC

LEADER 00000cam a2200000 i 4500
001 1/41096
008 070213s2006 gre d
035 |l 10086995 
040 |a GR-MY-UA  |b gre  |e aacr 
041 0 |a gre 
082 0 |a 331.137  |2 (22) 
100 1 |a Γιαννοπούλου, Σοφία. 
245 1 2 |a Η απασχόληση ως παράγοντας ανάπτυξης :  |b εμπειρική έρευνα της υφιστάμενης κατάστασης απασχόλησης και της ανεργίας στην περιοχή της Κοζάνης : μεταπτυχιακή διατριβή /  |c Γιαννοπούλου Σοφία ; υπεύθυνος καθηγητής Παπάνης Ευστράτιος 
260 |a Μυτιλήνη :   |b Πανεπιστήμιο Αιγαίου, Σχολή Κοινωνικών Επιστημών, Τμήμα Κοινωνιολογίας,   |c 2006 
300 |a 125 σ.;  |b πίν.;  |c 30 εκ. 
500 |a Μέλη της εξεταστικής επιτροπής: Παπάνης Ευστράτιος, Ρόντος Κωνσταντίνος, Τσομπανόγλου Γιώργος 
502 |a Διατριβή (μεταπτυχιακή) – Πανεπιστήμιο Αιγαίου, Λέσβος, 2006. 
504 |a Βιβλιογραφία: σ. 102-111 
650 0 0 |a Labor supply  |z Greece  |z Kozane. 
650 0 0 |a Labor market  |z Greece  |z Kozane. 
650 0 0 |a Unemployment  |z Greece  |z Kozane. 
650 0 0 |a Dissertations, Academic  |z Greece. 
700 1 |4 ths  |a Παπάνης, Ευστράτιος Π.,   |d 1969- 
710 2 |a Πανεπιστήμιο Αιγαίου  |b Σχολή Κοινωνικών Επιστημών  |b Τμήμα Κοινωνιολογίας  |b Μεταπτυχιακό Πρόγραμμα Σπουδών Έρευνα Εφαρμοσμένη στην Ανάπτυξη Καινοτόμων Τοπικών και Περιφερειακών Πολιτικών και την Κοινωνική Συνοχή. 
852 |a INST  |b LESVOS  |c DIATR  |e 20070213  |h 19  |p 005100036533  |q 005100036533  |t MTXE  |y 23 
852 |a INST  |b LESVOS  |c DIATR  |e 20070213  |h 20  |p 005100036532  |q 005100036532  |t MTXE  |y 23 
856 |u http://hdl.handle.net/11610/11871 
901 |a BIBL1-2007-1 
909 |a Λ  |b 130577 
909 |a Λ  |b 130578 
924 |a ΓΙΑΝΝΟΠΟΥΛΟΥ  |b ΣΟΦΙΑ  |y ΛΕΣΒΟΣ  |z 2006-11 
970 |a ΒΑΡΚΑ  |b ΕΛΕΥΘΕΡΙΑ  |z 2007/02/13